<?xml version="1.0" encoding="UTF-8"?><OAI-PMH xmlns="http://www.openarchives.org/OAI/2.0/" xmlns:xsi="http://www.w3.org/2001/XMLSchema-instance"     xsi:schemaLocation="http://www.openarchives.org/OAI/2.0/ http://www.openarchives.org/OAI/2.0/OAI-PMH.xsd"><responseDate>2026-05-16T21:26:58Z</responseDate><request verb="GetRecord" identifier="oai:regmurcia.com:fintegr.1464" metadataPrefix="marc21">http://oai.regmurcia.com/oai2/oai2.php</request><GetRecord><record><header><identifier>oai:regmurcia.com:fintegr.1464</identifier><datestamp>2026-05-16</datestamp><setSpec>documentos</setSpec></header><metadata><record  xmlns="http://www.loc.gov/MARC21/slim" xmlns:xsi="http://www.w3.org/2001/XMLSchema-instance" xsi:schemaLocation="http://www.loc.gov/MARC21/slim http://www.loc.gov/standards/marcxml/schema/MARC21slim.xsd" type="Bibliographic"><leader>00000nam a2200000   4500</leader><controlfield tag="001" >005075236</controlfield><controlfield tag="003" >1464</controlfield><controlfield tag="004" >A00000000</controlfield><datafield tag="245" ind1=" " ind2=" "><subfield code="a">Carta abierta de Fernando IV al concejo de Lorca, concediéndole todas las rentas reales de la ciudad para el arreglo y mantenimiento del castillo.</subfield></datafield><datafield tag="300" ind1=" " ind2=" "><subfield code="c">183 x 282 mm.</subfield></datafield><datafield tag="351" ind1=" " ind2=" "><subfield code="a">Unidad Documental</subfield><subfield code="c">Archivo de Lorca. Array</subfield><subfield code="a">Unidad Documental</subfield><subfield code="c">Archivo de Lorca. Array</subfield></datafield><datafield tag="351" ind1=" " ind2=" "><subfield code="b">Pergamino 4</subfield></datafield><datafield tag="505" ind1=" " ind2=" "><subfield code="a">/codom/5/042.pdf</subfield></datafield><datafield tag="506" ind1=" " ind2=" "><subfield code="a">Acceso restringido</subfield></datafield><datafield tag="510" ind1=" " ind2=" "><subfield code="a">Pub.  CANOVAS COBEÑO, FRANCISCO. Historia de la ciudad de Lorca. Lorca: Imprenta el Noticiero, s.f. [Cc. 1890], p.227. &lt;/br&gt;Pub. TORRES FONTES, JUAN. Documentos de Fernando IV. Murcia: Academia Alfonso X El Sabio, 1980, p. 46-47.</subfield></datafield><datafield tag="520" ind1=" " ind2=" "><subfield code="a">Fernando IV otorga al concejo de Lorca todas la rentas reales para le arreglo y mantenimiento de las torres y adarves del alcazar de la ciudad.</subfield></datafield><datafield tag="583" ind1=" " ind2=" "><subfield code="u">http://www.regmurcia.com/servlet/s.Sl?METHOD=VERDOCUMENTO&amp;sit=serv,Carmesi&amp;n=/10/2813/indice.djvu</subfield></datafield><datafield tag="592" ind1=" " ind2=" "><subfield code="a">1305-03-20</subfield></datafield><datafield tag="592" ind1=" " ind2=" "><subfield code="d">1305-03-20 00:00:00</subfield></datafield><datafield tag="651" ind1=" " ind2=" "><subfield code="a">Buitrago</subfield></datafield><datafield tag="786" ind1=" " ind2=" "><subfield code="o">http://www.regmurcia.com/servlet/s.Sl?METHOD=VERDOCUMENTO&amp;sit=serv,Carmesi&amp;n=/10/2813/indice.djvu</subfield></datafield><datafield tag="856" ind1=" " ind2=" "><subfield code="u">http://www.regmurcia.com/servlet/s.Sl?METHOD=DETALLE&amp;sit=c,373,m,139,serv,Carmesi&amp;id=1464</subfield></datafield></record></metadata></record></GetRecord></OAI-PMH>
